|
|
|
|
| LEADER |
02000nam a2200469 i 4500 |
| 001 |
EBC4412748 |
| 003 |
MiAaPQ |
| 005 |
20200520144314.0 |
| 006 |
m o d | |
| 007 |
cr cnu|||||||| |
| 008 |
160630t20162016ncuab ob 001 0 eng d |
| 020 |
|
|
|z 9780822360773
|
| 020 |
|
|
|z 9780822360919
|
| 020 |
|
|
|a 9780822374541 (e-book)
|
| 035 |
|
|
|a (MiAaPQ)EBC4412748
|
| 035 |
|
|
|a (Au-PeEL)EBL4412748
|
| 035 |
|
|
|a (CaPaEBR)ebr11175492
|
| 035 |
|
|
|a (CaONFJC)MIL890975
|
| 035 |
|
|
|a (OCoLC)933303670
|
| 040 |
|
|
|a MiAaPQ
|b eng
|e rda
|e pn
|c MiAaPQ
|d MiAaPQ
|
| 043 |
|
|
|a f-nr---
|
| 050 |
|
4 |
|a JQ3089.5.C6
|b .P54 2016
|
| 082 |
0 |
|
|a 306.209669
|2 23
|
| 100 |
1 |
|
|a Pierce, Steven,
|d 1968-
|e author.
|
| 245 |
1 |
0 |
|a Moral economies of corruption :
|b state formation and political culture in Nigeria /
|c Steven Pierce.
|
| 264 |
|
1 |
|a Durham, [North Carolina] ;
|a London, [England] :
|b Duke University Press,
|c 2016.
|
| 264 |
|
4 |
|c 2016
|
| 300 |
|
|
|a 1 online resource (305 pages) :
|b illustrations, maps
|
| 336 |
|
|
|a text
|2 rdacontent
|
| 337 |
|
|
|a computer
|2 rdamedia
|
| 338 |
|
|
|a online resource
|2 rdacarrier
|
| 504 |
|
|
|a Includes bibliographical references and index.
|
| 588 |
|
|
|a Description based on print version record.
|
| 590 |
|
|
|a Electronic reproduction. Ann Arbor, MI : ProQuest, 2016. Available via World Wide Web. Access may be limited to ProQuest affiliated libraries.
|
| 650 |
|
0 |
|a Corruption
|z Nigeria.
|
| 650 |
|
0 |
|a Political culture
|z Nigeria.
|
| 651 |
|
0 |
|a Nigeria
|x Politics and government
|y To 1960.
|
| 651 |
|
0 |
|a Nigeria
|x Politics and government
|y 1960-
|
| 655 |
|
4 |
|a Electronic books.
|
| 776 |
0 |
8 |
|i Print verion:
|a Pierce, Steven, 1968-
|t Moral economies of corruption : state formation and political culture in Nigeria.
|d Durham, [North Carolina] ; London, [England] : Duke University Press, c2016
|h xii, 282 pages
|z 9780822360773
|w 2015029176
|
| 797 |
2 |
|
|a ProQuest (Firm)
|
| 856 |
4 |
0 |
|u https://ebookcentral.proquest.com/lib/matrademy/detail.action?docID=4412748
|z Click to View
|